=LDR 00000nam 2200000 4500 =001 INLIS000000000008885 =990 ##$$a 173/TA TIA 2022 =005 20230428033345 =035 ##$$a 0010-0423000076 =007 ta =008 230428################|##########|#|## =082 ##$$a (R)2022 TA-TIA 818 =084 ##$$a (R)2022 TA-TIA 818 MUI i =100 1#$$a MUIS, Rosaliana =245 1#$$a Identifikasi Penyebab Keluhan Pelanggan Terhadap Listrik Prabayar pada PT. PLN (Persero) UP3 Makassar Utara : $b Tugas Akhir /$c Rosaliana Muis =250 ##$$a 2022 =260 ##$$a Makassar :$b Politeknik ATI Makassar-Teknik Industri Agro,$c 2022 =300 ##$$a xi, 45 halaman : $b gambar; tabel; grafik ; $c 21x29,5 cm$e bibliografi;lampiran =650 #4$$a Tugas Akhir TIA 2022 =856 ##$$a OPAC (Rak TA TIA 2022)